Регионална библиотека "Любен Каравелов" - Русе

Приказки (Запис номер 21369)

MARC детайли
000 -Лидер
Контролно поле с фиксирана дължина 01393nam a2200361 c 4500
003 - Код на организацията, давaща контролен номер
Контролно поле BLK
005 - Дата и час на последна редакция
Контролно поле 20220708163506.0
008 - Елементи от данни с фиксирана дължина
fixed length control field 180413b bul|||||r ||||||| ||bul||
010 ## - Наследен системен номер
LC control number KNG00023646000
020 ## - Международен стандартен номер на книга ISBN
Международен стандартен номер на книга ISBN 954-657-173-3
-- издат.: Пан
040 ## - Източник на каталожния запис
Идентификатор на билиотеката - собственик на записа BLK
041 ## - Код за език
Код за езика на текст/звукозапис или на отделно заглавие Български
Код за езика КДБФ Български
080 ## - УДК
Текстов определител УДК Финландска литература
УДК код - определител по УДК 821.511.111
УДК определител -93-34
УДК - код + определител 821.511.111-93-34
100 1# - Редна дума - Автор
Автор Янсон, Туве
Авторска отговорност първи автор
R(LIN) 265612
139 ## - Редно поле
Редна дума Янсон, Туве
Авторски знак Янсо - Я 67
245 10 - Сведения за заглавието
Заглавие Приказки
Редно поле (дума) Туве Янсон; прев. от швед. Теодора Иванова Джебарова; ил. Туве Янсон.
257 ## - Страна на издаване
Страна на създаване/издаване Финландия
260 ## - Област на издателските данни
-- София
Име на издателя, разпространителя и проч. Пан
Година на издаване 1998
Печатница София : Балкан прес
300 ## - Физическа характеристика
Страници 171 с.
Илюстрации и др. с ил.
Размери/Мащаб 20 см
380 ## - Жанр
Жанр Детска худож. лит.
490 1# - СЕРИИ (Колекции)
Име на серия Майстори на приказката
№: серия 13
500 ## - Общи забележки
Забележка Ориг. загл. Det osynliga barnet / Tove Jansson. - 3 000 тир.
653 ## - Ключова дума – ненормативна
Ключова дума приказки
653 ## - Ключова дума – ненормативна
Ключова дума детска литература
653 ## - Ключова дума – ненормативна
Ключова дума литература за деца
700 1# - Други автори (авторска отговорност)
Лично име Джебарова, Теодора Иванова
Автороска отговорност (Описва отношението между автора и произведението) прев. от швед.
9 (RLIN) 265613
700 1# - Други автори (авторска отговорност)
Лично име Янсон, Туве
Автороска отговорност (Описва отношението между автора и произведението) ил.
9 (RLIN) 365645
852 ## - Местоположение
Форматна сигнатура Цб 196935
856 4# - Електронен адрес и достъп
Електронен формат pdf - файл
Път до файла /url/
856 4# - Електронен адрес и достъп
Електронен формат pdf - файл
Път до файла /url/
942 ## - АРТИКУЛИ
Вид на библиотечния материал Книги
Скрит в OPAC Не
Koha issues (borrowed), all copies 2
944 ## - СЪЗДАВАНЕ И РЕДАКЦИЯ на ЗАПИСА
Създаване/Редакция Създаване
Дата на регистрацията/редакция 15.01.2003
Служител, извършил регистрацията/редакцията AB_DOS
944 ## - СЪЗДАВАНЕ И РЕДАКЦИЯ на ЗАПИСА
Създаване/Редакция Редакция
Дата на регистрацията/редакция 02.10.2015
Служител, извършил регистрацията/редакцията Елица_Владова
999 ## - СИСТЕМНИ КОНТРОЛНИ НОМЕРА
Koha biblionumber 21369
Koha biblioitemnumber 21369
Наличности
Код за отписване Код за изгубен артикул Източник на класификационната схема Код за повреда Коз за рестрикции Код за отдаване Артикулен № Име на библиотеката - собственик Име на библиотеката, в която се намира в момента Статус (Текущо местоположение) Дата на вписване в системата Местоположение - отдел Цена в лева Инвентарен номер Систематично азбучна сигнатура Баркод Номер на екземпляра Цена в евро Служебна бележка Служебен тип на артикула
  Не е изгубен Universal Decimal Classification Не е повреден без рестрикции ползва се в читалня 35345 Регионална библиотека "Любен Каравелов" Русе Регионална библиотека "Любен Каравелов" Русе Хранилище 2001-01-01 Хранилище 2.30 642798 Цб 196935 120000642798 1 1.18 N: стар фонд Книги
Изтеглен Не е изгубен Universal Decimal Classification Не е повреден без рестрикции заемане за дома 35346 Регионална библиотека "Любен Каравелов" Русе Регионална библиотека "Любен Каравелов" Русе Детски отдел 2001-01-01 Детски отдел 2.30 640556 ДХ 820/899/Я 67 640556 2 1.18 N: стар фонд Дата инв: 14.08.2015 Бележки инв: Д2015 Книги
Изтеглен Не е изгубен Universal Decimal Classification Не е повреден без рестрикции заемане за дома 35347 Регионална библиотека "Любен Каравелов" Русе Регионална библиотека "Любен Каравелов" Русе Детски отдел 2001-01-01 Детски отдел 2.30 640557 ДХ 820/899/Я 67 640557 3 1.18 N: стар фонд Дата инв: 14.08.2015 Бележки инв: Д2015 Книги
Vip Innovations Ltd, Rousse, Bulgaria 2025